Dubnický projekt čaká na verdikt. Privatizácia stagnuje, k slovu sa hlásia zamestnanecké akciové spoločnosti.

Na príklade štátneho podniku ZŤS Dubnica nad Váhom poukázané na problémy vytvárania zamestnaneckých akciových spoločností, privatizácie a jej projektu, špeciálnej výroby, účasti odborov, mesta a štátu, vzťahu k FNM.

Salvato in:
Dettagli Bibliografici
Autore principale: Prosnan, Jozef
Natura: Capitolo di libro
Lingua:slovacco
Soggetti:
Tags: Aggiungi Tag
Nessun Tag, puoi essere il primo ad aggiungerne!!

MARC

LEADER 00000naa a2200000 4500
001 r013582
005 20221205080552.2
041 0 |a slo 
044 |a SK 
245 1 0 |a Dubnický projekt čaká na verdikt.  |b Privatizácia stagnuje, k slovu sa hlásia zamestnanecké akciové spoločnosti.  |c J. Prosnan 
520 |a Na príklade štátneho podniku ZŤS Dubnica nad Váhom poukázané na problémy vytvárania zamestnaneckých akciových spoločností, privatizácie a jej projektu, špeciálnej výroby, účasti odborov, mesta a štátu, vzťahu k FNM. 
610 2 0 |a privatizácia 
610 2 0 |a spoločnosti akciové 
610 2 0 |a akcie 
610 2 0 |a zamestnanci 
610 2 0 |a ZŤS, š.p. Dubnica nad Váhom 
100 1 |a Prosnan, Jozef